[Event "FIDE-Wch k.o."]
[Site "Groningen"]
[Date "1997.12.09"]
[Round "1.1"]
[White "Shaked, Tal"]
[Black "Morovic Fernandez, Ivan"]
[Result "1/2-1/2"]
[WhiteElo "2500"]
[BlackElo "2600"]
[Annotator "Mikhalevski,V"]
[PlyCount "102"]
[EventDate "1997.12.09"]
[EventType "k.o."]
[EventRounds "7"]
[EventCountry "NED"]
[SourceTitle "CBM 063"]
[Source "ChessBase"]
[SourceDate "1998.03.26"]
[SourceVersion "1"]
[SourceVersionDate "1998.03.26"]
[SourceQuality "1"]

1. e4 e5 2. Nf3 Nc6 3. d4 exd4 4. Nxd4 Nf6 5. Nxc6 bxc6 6. e5 Qe7 7. Qe2 Nd5 8.
c4 Nb6 9. Nd2 Bb7 10. b3 O-O-O 11. Bb2 c5 (11... d6 12. exd6 Qxd6 13. O-O-O Qg6
14. Nf3 Bd6 15. Ne5 Qh6+ 16. Qe3 Bxe5 17. Rxd8+ Rxd8 18. Bxe5 Qg6 19. g3 f6 20.
Bh3+ Kb8 21. Bxc7+ Kxc7 22. Qf4+ Rd6 23. c5 f5 24. Bxf5 Qf6 25. Qxd6+ Qxd6 26.
cxd6+ Kxd6 27. Bxh7 Nd5 28. Re1 Nf6 29. Bf5 Nd5 30. Re6+ Kc5 31. Rg6 Ne7 32.
Rxg7 {1-0 Leko,P-Janahi,Z/WchJM-U14 1992}) (11... Re8 12. O-O-O d6 13. Qg4+ Kb8
14. c5 dxc5 15. Nc4 h5 16. Qe4 Nd5 17. f4 g6 18. Na5 Qe6 19. Bc4 Rd8 20. Rd2
Bh6 21. Rhd1 Ba8 22. Ba3 Qf5 23. Qxf5 gxf5 24. g3 h4 25. Bxc5 Rdg8 26. Bf2 hxg3
27. hxg3 Bf8 28. Nxc6+ Bxc6 29. Bxd5 Ba3+ 30. Kc2 Bxd5 31. Rxd5 Rh2 32. R1d2
Kc8 33. Bxa7 Rxd2+ 34. Rxd2 Rxg3 35. Bd4 Bb4 36. Re2 Kd7 37. Be3 Ke6 38. Kb2
Kd5 39. a3 Bf8 40. b4 Kc4 41. Rc2+ Kb5 42. Bc5 Bh6 43. Bd4 Rd3 44. Rc5+ Kb6 45.
Rc4+ Kb7 46. Bc3 Rf3 47. Bd2 Kb6 48. a4 c6 49. Kc2 Bf8 50. Rd4 Ra3 51. Rd8 Be7
52. Rd7 Bh4 53. Rxf7 Ra2+ 54. Kc3 {1-0 Fernandez Garcia,J-Brito,A/Las Palmas
op 1993}) 12. O-O-O (12. a4 d6 13. O-O-O dxe5 14. Qxe5 Qxe5 15. Bxe5 Re8 16.
Bc3 Bd6 17. Bd3 Be5 18. Bxe5 Rxe5 19. Nf3 Bxf3 20. gxf3 Nd7 21. f4 Rh5 22. Be4
Re8 23. Bc6 Re7 24. Rd3 Rh6 25. Bg2 Rd6 26. Rhd1 Ree6 27. Bh3 Rh6 28. Rg3 g6
29. f5 Kd8 30. fxg6 hxg6 31. Re1 Nf6 32. Re5 Rh4 33. Rf3 Nh5 34. Rxc5 Nf4 35.
Bf1 Ne6 36. Rd5 Rxh2 {Gretarsson,H-Bjornsson,B/Hafnarfirdi 1992/1-0 (64)})
12... d6 (12... Qg5 13. h4 Qg6 14. Rh3 Bxg2 15. Bxg2 Qxg2 16. Rg3 Qc6 17. a4 a5
18. Bc3 h5 19. Qf3 Qxf3 20. Rxf3 Be7 21. Rxf7 Bxh4 22. Rh1 g5 23. f4 Rhf8 24.
Rxf8 Rxf8 25. fxg5 Bxg5 26. Rxh5 Be3 27. Bxa5 Kb7 28. Kc2 Rg8 29. Ne4 Rg6 30.
Kd3 Bd4 31. Bc3 Bxc3 32. Kxc3 Kc6 33. Rf5 d6 34. exd6 cxd6 35. Rf6 Rxf6 36.
Nxf6 Nc8 37. Nd5 {Gaponenko,I-Lomineishvili,M/EU-chJW U16 1992/1/2-1/2 (60)})
13. exd6 (13. Nf3 $6 d5 14. cxd5 Nxd5 15. a3 $6 (15. Qd2) 15... g6 16. Qc2 Bh6+
17. Nd2 Nf4 18. f3 $2 Nd5 $19 19. Bd3 Ne3 20. Qc3 Nxd1 21. Rxd1 Rd5 22. Kc2
Bxd2 23. Rxd2 Rhd8 24. Qc4 R8d7 25. Bc3 Qe6 26. Qa4 Kb8 27. h4 h5 28. Qb5 a6
29. Qc4 Ka7 30. Qf4 Bc6 31. a4 Bb7 32. Qe3 Kb8 33. Qf4 Rd8 34. Qe3 Qe7 35. Qf4
Bc8 36. g4 hxg4 37. fxg4 Qxh4 38. Qxf7 Qxg4 39. Bxg6 Rxd2+ 40. Bxd2 Be6 {
0-1 Stefansson,H-Emms,J/Arnold Cup 1992}) 13... Qxd6 14. Qg4+ (14. h4 Rg8 (
14... h5 15. Rh3 Qh6 16. Re3 Bd6 17. g3 $16 {Smagin-Emms,Copenhagen1992}) 15.
Qg4+ Kb8 16. Be2 Be7 17. Bf3 Bc8 18. Qg3 Qxg3 19. fxg3 f5 20. a4 Bd6 21. a5 Nd7
22. Bd5 Rge8 23. Bxg7 Ne5 24. Nf3 Ng4 25. Rhe1 Bxg3 26. Rxe8 Rxe8 27. Bc6 Rg8
28. Bc3 Nf2 29. Rf1 Ne4 30. Be5 Bb7 31. Bd7 Bc8 32. Bc6 Bf2 33. Rd1 Be3+ 34.
Kb1 Nf2 35. Re1 f4 36. Bd5 Rxg2 37. Nd4 Bxd4 38. Bxg2 Bf5+ 39. Ka2 Nd3 {
0-1 Fercec,N-Malaniuk,V/Pula op 1996}) 14... Kb8 15. Be2 h5 16. Qg3 (16. Qf5
Qh6 $1 17. Bf3 Bc8 $13 18. Qe4 f5 19. Qe3 g5 20. Qe5 Bd6 21. Qf6 g4 22. Be2 Qf4
23. f3 Rhe8 24. Bd3 Qe3 25. Bc2 Bf4 26. Qc3 Qf2 27. g3 Be5 28. Qxe5 Rxe5 29.
Bxe5 gxf3 30. Rhf1 Qe2 31. Bf4 f2 {0-1 Chandler,M-Adams,M/Hastings 1991}) 16...
Qh6 $1 17. Bf3 h4 18. Qg4 Bc8 $1 19. Qe4 Bd6 20. Bc3 Rhe8 21. Qc2 Qg5 22. Kb2
Bf5 23. Qc1 Bd3 24. Rhe1 (24. Rde1 Be5 (24... Rxe1 25. Qxe1) 25. Bxe5 Rxe5 26.
Qc3 Rd4 $13 (26... Be2 $2 27. Ne4)) 24... Rxe1 25. Rxe1 Bxh2 26. Ne4 Qxc1+ 27.
Kxc1 Bf4+ 28. Kb2 Bxe4 29. Rxe4 g5 30. Bf6 Rg8 31. Re7 g4 32. Be4 Nc8 33. Rxf7
Nd6 34. Re7 h3 35. Bd5 Rf8 36. Bg7 Re8 37. Rxe8+ Nxe8 38. Bc3 g3 (38... h2 39.
g3) 39. gxh3 gxf2 40. Bg2 Nd6 41. Kc2 Ne4 42. Bg7 $6 (42. h4 Ng3 43. Bd2 $1 Be5
44. Bc3 $1 Bxc3 45. Kxc3 f1=Q (45... Kc8 46. Kd3 f1=Q+ 47. Bxf1 Nxf1 48. h5 Nh2
49. h6 Ng4 50. h7 Ne5+ 51. Ke4 Nf7 52. Kd5 Kd7 53. Kxc5) 46. Bxf1 Nxf1 47. h5
Ng3 48. h6 Ne4+ 49. Kd3 Nf6 50. Ke3 Kc8 51. Kf4 Kd7 52. Kf5 Ke7 53. Kg6 Ke6 54.
Kg7 $11 (54. h7 $4 Nxh7 55. Kxh7 Ke5 56. Kg6 Kd4 57. Kf6 Kc3 58. Ke5 Kb2 59.
Kd5 Kxa2 60. Kxc5 Kxb3 61. Kb5 c6+ 62. Kxc6 Kxc4 $19) 54... Kf5 55. Kf7 Kg5 56.
Ke7) 42... Ng3 43. Kd3 Bd6 44. h4 Kc8 45. b4 $2 (45. Bc3 $1 Kd7 46. h5 Bf4 47.
Bd2 $1 Bxd2 (47... Be5 48. Be3 f1=Q+ 49. Bxf1 Nxf1 50. Bxc5) 48. Kxd2 Ke6 (
48... f1=Q 49. Bxf1 Nxf1+ 50. Kd3 Nh2 51. h6 Ng4 52. h7 Ne5+ 53. Ke4 Nf7 $11)
49. h6 Kf6 50. Ke3 f1=Q 51. Bxf1 Nxf1+ 52. Ke4 c6 53. h7 Kg7 54. Ke5 $11) 45...
Kd7 $2 (45... cxb4 46. c5 (46. h5 Nxh5 47. Bd4 Nf4+ $19) (46. Bd4 f1=Q+ 47.
Bxf1 Nxf1 48. h5 Bf8 $19 49. Be5 Bh6) 46... Bxc5 47. Be5 f1=Q+ 48. Bxf1 Nxf1
49. h5 (49. Bf4 Bd6 50. Bxd6 (50. Ke4 Ng3+) 50... cxd6 51. h5 Nh2 52. h6 (52.
Ke4 Kd7 53. h6 Ng4 54. h7 Nf6+) 52... Ng4 53. h7 Ne5+ 54. Ke4 Nf7 55. Kf5 Kd7
56. Kf6 Ke8 57. Ke6 a5 $19) 49... Ne3 50. h6 Ng4 51. Bg7 Nxh6 52. Bxh6 Kb7 $19)
46. bxc5 Bxc5 47. Be5 f1=Q+ 48. Bxf1 Nxf1 49. Bf4 Bd6 50. Bxd6 Kxd6 51. h5 Ke5
$11 {[%csl Ra7,Rc7]} (51... Nh2 52. h6 Ng4 53. h7 Ne5+ 54. Ke4 Nf7 55. Kf5 Ke7
56. Kg6 $11) 1/2-1/2

[Event "Capablanca Memorial Elite 35th"]
[Site "Varadero"]
[Date "2000.05.17"]
[Round "9"]
[White "Conquest, Stuart"]
[Black "Miles, Anthony John"]
[Result "0-1"]
[WhiteElo "2563"]
[BlackElo "2579"]
[Annotator "Mikhalevski,V"]
[PlyCount "72"]
[EventDate "2000.05.07"]
[EventType "tourn"]
[EventRounds "13"]
[EventCountry "CUB"]
[EventCategory "13"]
[SourceTitle "CBM 077"]
[Source "ChessBase"]
[SourceDate "2000.07.27"]
[SourceVersion "1"]
[SourceVersionDate "2000.07.27"]
[SourceQuality "1"]

1. e4 Nc6 2. d4 e5 3. Nf3 exd4 4. Nxd4 Bb4+ {Favourite Miles' variation.} 5. c3
Bc5 (5... Be7) 6. Nxc6 ({An alternative is} 6. Be3) 6... bxc6 7. Nd2 $146 (7.
Bd3 Ne7 (7... Qh4 8. Qe2 Nf6 9. h3 O-O 10. g3 Qh5 11. g4 Qe5 12. g5 Nxe4 (12...
Ne8 13. f4 Qe7 $14 {0-1 Zhao Zong Yuan-Wohl,A/Canbarra AUS 2000/(51)}) 13. Bxe4
Re8 14. Bf3 Qxe2+ 15. Bxe2 Ba6 16. c4 Bxc4 17. Nc3 $18 {1-0 Kasparov,G-Leko,P/
Tilburg 1997/CBM 61 (31)}) 8. Nd2 O-O 9. O-O d6 10. Kh1 (10. Nb3 Bb6 11. Nd4 c5
12. Ne2 Ng6 13. Bc2 c4 14. Kh1 Ne5 15. f3 Kh8 16. Nd4 Ba6 17. Be3 Nd3 18. Bxd3
cxd3 19. Qa4 Bb7 20. Rad1 {1/2-1/2 Zvjaginsev,V-Khalifman,A/St Petersburg 1999/
CBM 71 (20)}) 10... f5 11. f4 fxe4 (11... Be3 12. Qe2 Bxd2 13. Bxd2 fxe4 14.
Bxe4 $14 {Perunovic,M-Somborski,N/Kragujevac YUG 2000/0-1 (49)}) 12. Nxe4 Bb6
13. Ng3 Nf5 14. Qf3 Nxg3+ 15. Qxg3 Bf5 16. Bd2 Qd7 17. Rae1 Rae8 18. h3 Qf7 19.
b3 Qh5 20. Kh2 h6 21. c4 Bd4 {Hauchard,A-Miles,A/Cappelle la Grande 1998/CBM
63 ext/1/2-1/2 (46)}) 7... Ne7 8. Qh5 Bb6 9. Bd3 Ng6 10. Nf3 d6 11. O-O Qd7 12.
h3 O-O 13. Rd1 Qe8 $1 {[%cal Gf7f5] With unexpected idea of f5 exploiting
location of the white queen.} 14. b3 f5 15. Re1 ({An attempt of counterattack
leads to an equal endgame:} 15. Bc4+ Kh8 16. Ng5 h6 17. Nf7+ Rxf7 18. Qxg6 Rf8
19. Qxe8 Rxe8 20. exf5 Bxf5 $11) 15... Bd7 {[%cal Gg6e5] Keeping the pressure.}
({Immediate} 15... Ne5 $5 {was also possible and led to the similar to the
game endgame:} 16. Qxe8 Nxf3+ (16... Bxf2+ {doesn't work as after} 17. Kxf2
Nxd3+ 18. Ke3 Rxe8 19. Kxd3 fxe4+ 20. Kc2 Bxh3 21. gxh3 exf3 22. Be3 $16 {
Black has no sufficient compensation for a sacrificed piece.}) 17. gxf3 Rxe8)
16. Be3 (16. Bc4+ Kh8 17. exf5 (17. Ng5 h6 18. Nf7+ Rxf7 19. Bxh6 fxe4 $1 (
19... gxh6 {allows to equalize} 20. Qxg6 Rg7 21. Qxh6+ Rh7 22. Qf6+ Rg7 $11)
20. Be3+ Kg8 21. Qxg6 d5 22. Ba6 Qe5 $15 {[%cal Ga8f8]}) 17... Ne5 18. Qxe8
Nxf3+ 19. gxf3 Raxe8 {[%csl Rf2,Rf3,Rf5,Rh3]} 20. Rxe8 Rxe8 21. a4 Bxf5 22. a5
Bc5 23. b4 d5 24. bxc5 dxc4 25. Kg2 $11 {/=/+}) ({Prophylactic} 16. Kf1 $5 {
was interesting in order to prevent damaging of the pawn structure after Ne5})
16... Ne5 $1 {The idea of f5.} 17. Qxe8 Nxf3+ 18. gxf3 Raxe8 {Black has solved
opening problems and starts thinking of obtaining initiative.} 19. Bxb6 cxb6 {
Tony prefers to capture with the c-pawn to straighten pawn structure on the
queen side.} ({Capturing} 19... axb6 {towards the centre also worth
consideration.}) 20. c4 $2 {[%mdl 16384] Serious strategical blunder.White has
been preparing to meet fe with B:e4 and d5 is impossible.However Black simply
closes the centre showing that he's going to attack the king side pawns making
clear unfortunateness of the last White's move.} (20. Rad1 $5 {[%csl Rd6][%cal
Gd3c4] was necessary attacking the d6-pawn and not allowing f4.} fxe4 ({
In case of} 20... Rf6 {White obtains counterplay:} 21. Bc4+ Kf8 22. e5 {
[%cal Gd1d7]} Rg6+ 23. Kh2 b5 $5 (23... d5 24. f4 $1) 24. Bf1 Rge6 25. f4 Bc8
26. Bg2 {[%csl Rc6]} Bb7 27. Re3 {[%cal Gd1e1]} dxe5 28. Rd7 $132) 21. Bxe4 $1
(21. fxe4 $143 Bxh3 22. Bc4+ Be6 23. Rxd6 Bxc4 24. bxc4 c5 $15 {[%csl Ra2,Rc3,
Rc4][%cal Gf8f4]} (24... Rf4 25. c5 $1 $11)) 21... d5 22. c4 Bxh3 (22... dxe4
23. Rxd7 exf3 24. Rxe8 Rxe8 25. Rxa7 Re6 $13 (25... h5 $13)) 23. cxd5 cxd5 24.
Bxd5+ Kh8 25. Rxe8 Rxe8 26. Bf7 Rf8 27. Bh5 {[%cal Gh5g4]} Bf5 28. Bg4 $11)
20... f4 $1 $17 {[%cal Ge8e5,Gf8f6,Yg8e7] Now Black's plan is very simple:he
brings his rooks to e5 and f6 in order to attack the h-pawn,while the king is
going to defend the d6-pawn preventing possible counterplay along the d-file.}
21. h4 Rf6 22. Rad1 Re5 23. Kf1 Rh6 24. Bc2 Kf7 25. Ke2 Ke7 {[%csl Rh4] Now
the h-pawn is doomed.} 26. Rg1 g6 27. Rh1 Reh5 28. Rd2 Rxh4 29. Rhd1 g5 30. e5
Re6 $19 31. Be4 Be8 $6 {It wasn't necessary to allow ed.} (31... Rxe5 32. Rxd6
Be8 {see 31...Be8}) 32. Rxd6 $2 (32. exd6+ {was the last chance:} Kd7 33. Kf1
Rh1+ 34. Ke2 Rxd1 35. Kxd1 {[%cal Ge4f5]} Rxd6 36. Bxh7 $15 {with chances to
escape.}) 32... Rxe5 33. Rd8 Rh2 $1 {[%cal Ge8h5,Ge5e4]} 34. R1d3 g4 35. Ra8 (
35. Kf1 $142 {could prolong the fight a little bit.} g3 36. fxg3 fxg3) 35... g3
$19 {[%cal Gg3g2]} 36. Rdd8 Bg6 {[%cal Gg3g2]} (36... Bh5 $5) 0-1

[Event "Maroczy Memorial"]
[Site "Szeged"]
[Date "1997.11.20"]
[Round "7"]
[White "Sax, Gyula"]
[Black "Miles, Anthony John"]
[Result "1/2-1/2"]
[WhiteElo "2570"]
[BlackElo "2595"]
[Annotator "Mikhalevski,V"]
[PlyCount "64"]
[EventDate "1997.11.14"]
[EventType "tourn"]
[EventRounds "9"]
[EventCountry "HUN"]
[EventCategory "13"]
[SourceTitle "CBM 062"]
[Source "ChessBase"]
[SourceDate "1998.01.31"]
[SourceVersion "1"]
[SourceVersionDate "1998.01.31"]
[SourceQuality "1"]

1. e4 Nc6 2. Nf3 e5 3. d4 exd4 4. Nxd4 Bb4+ 5. c3 Bc5 6. Nxc6 (6. Be3 Bb6 7.
Qa4 Rb8 8. Nd2 Nge7 9. Be2 O-O 10. O-O d6 11. Nxc6 bxc6 12. Bxb6 axb6 13. f4 f5
14. Bd3 fxe4 15. Nxe4 Bf5 16. Rae1 Qd7 17. Qc2 Rbe8 18. Ng3 Bxd3 19. Qxd3 Nd5
20. f5 Rf7 {Garcia,G-Miles,A/Ubeda op 1997/EXP 56/ - (54)}) 6... bxc6 7. Bd3
Ne7 (7... Qh4 8. Qe2 Nf6 9. h3 O-O 10. g3 Qh5 11. g4 Qe5 12. g5 Nxe4 13. Bxe4
Re8 14. Bf3 Qxe2+ 15. Bxe2 Ba6 16. c4 Bxc4 17. Nc3 Rab8 18. Kf1 Be6 19. b3 f6
20. gxf6 Bd4 21. Bb2 Bxf6 22. Na4 Bh4 23. Nc5 Rf8 24. Rh2 Bxh3+ 25. Kg1 Rbe8
26. Nxd7 Bxf2+ 27. Rxf2 Bxd7 28. Bc4+ Be6 29. Rxf8+ Kxf8 30. Rf1+ Ke7 31. Bxe6
{1-0 Kasparov,G-Leko,P/Fontys 1997/CBM 61}) 8. Qh5 d6 (8... d5 $6 9. O-O O-O
10. exd5 g6 11. Qf3 Nxd5 $14) 9. Bg5 $6 (9. O-O $142 O-O 10. Nd2 $5 $14) 9...
Rb8 (9... O-O 10. O-O (10. e5 $6 h6 $5 (10... g6 $5 11. Qh6 $140 dxe5 12. Bf6
Nf5 $1)) 10... Rb8 (10... Qe8 $5)) 10. b3 (10. b4 $5 Bb6 11. a4 a6 $8 (11... a5
$6 12. bxa5 Bxa5 $2 (12... g6 13. Qh6 Bxa5 14. Qg7 $16) 13. Bxe7 Rxb1+ $8 (
13... Qxe7 $2 14. Qxa5 $18) 14. Rxb1 Bxc3+ 15. Ke2 Qxe7 16. Rhc1 $18) 12. a5
Ba7 13. O-O $14) 10... O-O 11. Nd2 (11. O-O $5) 11... Qe8 (11... f6 12. Bh4 Qe8
13. Qxe8 (13. Qe2 $5) 13... Rxe8 {/\Nf5} 14. O-O Ng6 15. Bg3 Ne5 $11) 12. b4 (
12. O-O $5 f6 13. Qxe8 Rxe8 14. Bh4 {see 11...f6}) 12... Bb6 13. Nc4 Ng6 (13...
f6 14. Qxe8 Rxe8 15. Nxb6 axb6 16. Be3 $14) 14. Nxb6 (14. O-O $5) 14... axb6
15. Be3 (15. O-O $2 Qe5 $1) 15... f5 $1 16. exf5 Nf4 $1 (16... Ne5 $5 17. Qxe8
(17. Qe2 Nxd3+ 18. Qxd3 Bxf5 $15) 17... Nxd3+ {see16...Nf4}) 17. Qxe8 (17. Bc4+
$5 d5 18. Qxe8 Nxg2+ $1 (18... Rxe8 19. Bf1 $1 (19. Kf1 Nxg2 {see 18...N:g2}))
19. Kf1 Rxe8 20. Bxd5+ cxd5 21. Kxg2 Bxf5 $11) 17... Nxd3+ 18. Kd2 Rxe8 19.
Kxd3 Bxf5+ 20. Kd2 c5 $15 21. a3 Ra8 22. Rhe1 Kf7 23. Kc1 Re6 24. Kb2 Rae8 25.
a4 Be4 26. g3 Bf3 27. a5 cxb4 28. axb6 (28. cxb4 $5 Re4 29. axb6 (29. Kc3 $5)
29... cxb6 30. Ra7+ R8e7 31. Rxe7+ Kxe7 32. Bg5+ Ke6 33. Rxe4+ Bxe4 $11) 28...
bxc3+ 29. Kxc3 c5 {Very optimistic,but not so bad.} (29... cxb6 $142 30. Reb1
Rc8+ 31. Kd2 Be4 32. Rxb6 Rc2+ 33. Kd1 $11) 30. Ra7+ Kg6 31. Rb1 Rb8 32. Rd7
Bc6 $11 1/2-1/2

[Event "RUS-Cup01 Chigorin Memorial"]
[Site "St Petersburg"]
[Date "1997.11.03"]
[Round "3"]
[White "Lastin, Alexander"]
[Black "Andreev, Konstantin"]
[Result "1-0"]
[WhiteElo "2550"]
[BlackElo "2330"]
[Annotator "Mikhalevski,V"]
[PlyCount "61"]
[EventDate "1997.11.01"]
[EventType "swiss"]
[EventRounds "9"]
[EventCountry "RUS"]
[SourceTitle "CBM 062"]
[Source "ChessBase"]
[SourceDate "1998.01.31"]
[SourceVersion "1"]
[SourceVersionDate "1998.01.31"]
[SourceQuality "1"]

1. e4 e5 2. Nf3 Nc6 3. d4 exd4 4. Nxd4 Nf6 5. Nxc6 bxc6 6. e5 Qe7 7. Qe2 Nd5 8.
c4 Ba6 9. g3 g5 (9... O-O-O 10. b3 f6 11. Bg2 fxe5 12. O-O Nf6 13. Ba3 Qe6 14.
Qd2 e4 15. Qa5 c5 16. Bxc5 Bxc5 17. Qxc5 Qb6 18. Qxb6 axb6 19. Re1 Rhe8 20. Nc3
Bb7 21. a4 d5 22. cxd5 Bxd5 23. a5 bxa5 24. Rxa5 {Morozevich,A-Huzman,A/Donner
mem 1995/CBM 49/1-0 (46)}) 10. h4 (10. Bg2 Bg7 11. O-O O-O-O 12. Re1 Rde8 13.
Qc2 Qc5 14. Na3 Nb6 15. Be3 Qxe5 16. c5 Nd5 17. Qa4 Kb7 18. Rad1 Re7 19. Bxd5
cxd5 20. c6+ dxc6 21. Qb4+ Ka8 22. Bc5 Be2 23. Bxe7 Rb8 24. Qc5 Rxb2 25. Qxc6+
Kb8 26. Rxd5 Qxe7 27. Rd7 {1-0 Mukhametov,E-Likov,V/RUS-Cup3 1996/CBM 57/
[Tsesarsky]}) (10. b3 Bg7 11. Bb2 O-O-O 12. Bg2 Rde8 13. O-O Nb6 14. Re1 Bb7 (
14... Qc5 15. Nd2 Bxe5 16. Bxe5 f6 17. Ne4 Qxe5 18. Qd2 h6 19. c5 Nd5 20. Nd6+
cxd6 21. Rxe5 Rxe5 22. cxd6 Nb6 23. f4 gxf4 24. Qxf4 Rhe8 25. Qxh6 Re1+ 26.
Rxe1 Rxe1+ 27. Kf2 Re2+ 28. Kf3 Nd5 29. Bf1 {1-0 Narciso Dublan,M-Cubas,J/
Linares op 1996/EXP 51}) 15. Nd2 Kb8 16. Rac1 h5 17. h3 Rh6 18. Nf1 Qf8 19. Qd2
Rhe6 20. Qxg5 Bh6 21. Qxh5 Bxc1 22. Rxc1 c5 23. Bxb7 Kxb7 24. Ne3 d6 {Kotsur,
P-Egorov,E/RUS-Cup5 1997/EXP 57/1-0 (46)}) 10... Bg7 $5 11. hxg5 (11. Bxg5 $6
Qxe5 (11... Qb4+ $5) 12. Qxe5+ Bxe5 13. cxd5 $2 Bxf1 14. Kxf1 Bxb2) 11... Bxe5
12. Rh4 (12. f4 $5 Bg7 13. Qxe7+ Nxe7 14. Nc3 $14) (12. Nd2 Rb8 $1 13. Nf3 $140
$2 Bxb2 $1) 12... O-O-O 13. Re4 (13. f4 $6 Bg7 14. Qxe7 Nxe7 {/\Nf5}) 13...
Rhe8 14. f4 Bd6 $2 {Now black lose by force.} (14... Qb4+ $1 15. Nd2 $8 (15.
Kd1 $2 Bxb2 $1 16. Rxe8 (16. Bxb2 Rxe4 17. Qxe4 Qxb2 $19) 16... Bxa1) 15...
Bxb2 16. Rb1 (16. Rxe8 Bxa1 $17) (16. a3 $2 Qc3 17. Bxb2 Qxb2 18. Rb1 Qxa3 $19
19. Rxe8 $140 Qxg3+ 20. Kd1 Nc3+) 16... Rxe4 $1 (16... Nc3 17. Rxb2 (17. Rxe8
Nxb1 (17... Nxe2 18. Rxd8+ Kxd8 19. Bxe2 Qc3 20. Bxb2 Qxg3+ $13) 18. Bxb2 Qxb2
(18... Qxd2+ $2 19. Qxd2 Rxe8+ 20. Qe2 Rxe2+ 21. Bxe2 $18) 19. Nxb1 Qxb1+ $17)
17... Qf8 (17... Nxe2 18. Rxb4 Nxc1 19. Ra4 $1 Rxe4+ 20. Nxe4 Re8 (20... d5 21.
Nc5 Bxc4 $8 22. Rxa7 Kb8 23. Rb7+ Ka8 $8 (23... Kc8 24. Bh3+) 24. Rxc7 $16) 21.
Rxa6 Rxe4+ 22. Kd2 $16 {/\c5,Ra3 and Ba6.For example:} c5 $1 {[]} (22... Kb7
23. Ra3 Kb6 (23... c5 $2 24. Bg2 $18) 24. c5+ $18) 23. Rxa7 {/\24.Ra8 Kb725.
Bg2+-} Kb8 24. Ra8+ $1 (24. Ra3) 24... Kxa8 25. Bg2 Nxa2 (25... d5 26. Bxe4
dxe4 27. Kxc1 $18) 26. Bxe4+ Kb8 27. Bxh7 Kc8 28. Bg8 $18) 18. Qe3 Nxe4 19.
Qxa7 $1 (19. Nxe4 $2 Rxe4 $1 20. Qxe4 Re8 $19) 19... Nc5+ $8 20. Kf2 d5 $1 (
20... d6 21. Nb3 $1 Ne4+ 22. Kg1 Kd7 (22... Bxc4 23. Na5 $1 (23. Bxc4 $5 $16)
23... Bd5 24. Rb7 $1 Re7 25. Bh3+ Be6 26. Qa6 $1 Nc5 27. Rb8+ $1 Kxb8 28. Nxc6#
) 23. Bh3+ Re6 24. Qxa6 Ra8 25. Qb7 Rb8 26. Bxe6+ fxe6 27. Qxb8 Qxb8 28. Nc5+
$18) 21. Bh3+ (21. Nb3 $2 Ne4+ 22. Kg1 Bxc4) 21... Re6 $8 22. Rb8+ $1 (22. cxd5
cxd5 23. Rb8+ (23. Rb8+) 23... Kd7 24. Rxd8+ Kxd8 25. Bxe6 Nxe6 26. Qa8+ $16 (
26. Qxa6 Qc5+)) 22... Kd7 23. Rxd8+ Kxd8 24. Bxe6 fxe6 25. Kg2 $3 {/\Ba3} Nd3
26. Qxa6 Nxc1 27. Qa8+ Ke7 28. Qa3+ $18) 17. Qxe4 Nc3 18. Rxb2 Qxb2 (18... Qa4
$5) 19. Bxb2 Nxe4 20. Nxe4 Re8 21. Be5 $1 d6 22. c5 $5 (22. Bh3+ Kb7 23. Nf6
Re7 24. Ng8 Re8 25. Nf6 Rh8 $5 $13 (25... Re7 $11)) 22... Bxf1 23. cxd6 Bh3 $1
(23... Bc4 24. d7+ $1 Kxd7 25. Nf6+ Ke7 26. Nxe8 Kxe8 27. a3 $11) 24. dxc7 Rxe5
(24... Re6 $13) 25. fxe5 Kxc7 $15) 15. Rxe7 Rxe7 16. Qxe7 Nxe7 17. c5 $1 $18 {
The rest doesn't deserve any comments.} Bxf1 18. cxd6 Nf5 19. Kxf1 Nxg3+ 20.
Kg2 Nf5 21. dxc7 Re8 22. Kf2 Nd4 23. Nc3 Nc2 24. Rb1 d5 25. Bd2 d4 26. Ne2 c5
27. Rh1 d3 28. Nc3 Nb4 29. Rxh7 Nxa2 30. Rxf7 Nxc3 31. Bxc3 1-0